| 000 | 00362nam a2200133Ia 4500 | ||
|---|---|---|---|
| 008 | 220217s9999||||xx |||||||||||||| ||und|| | ||
| 082 | _a004.165 SRI | ||
| 100 | _aSrinath, N.K | ||
| 245 | 0 | _aMicroprecessor: 8086 programming and interfacing | |
| 250 | _a1st | ||
| 260 |
_aPooja publications _bBangalore _c2001 |
||
| 300 | _b170 | ||
| 650 | _aMICROPROCESSOR | ||
| 999 |
_c168477 _d168477 |
||